Desporto - Statistics

Estatísticas Gerais
  • Esse quiz foi jogado 66 vezes
  • A pontuação média é 12 de 15
Estatísticas das Respostas
Hint Resposta % Correto
Quanto tempo dura uma partida de futebol? 90
100%
Qual o número da camisola do Cristiano Ronaldo? 7
96%
Quantos jogadores entram em campo num jogo de futebol? 11
95%
A cada quantos anos são realizados os Jogos Olímpicos? 4
95%
Quanto tempo dura o prolongamento em um jogo de futebol? 15
93%
Quantos jogadores formam uma equipe de rugby? 15
93%
Se joga a NFL, que esporte você pratica? Futebol americano
85%
Quem é considerado o melhor jogador de basquete de todos os tempos? Michael Jordan
85%
Qual peça de xadrez pode fazer um movimento em forma de L? Cavalo
84%
Qual o nadador mais conhecido? Michael Phelps.
84%
Qual atleta atingiu o recorde de velocidade nos 100 metros rasos? Usain Bolt
78%
Em que país foi inventado o voleibol? Estados Unidos
73%
Quanto tempo dura um jogo de rugby? 80
67%
Qual é o nome do local onde são realizadas as corridas de cavalos? Hipódromo
56%
Qual é o esporte mais popular na Índia? Críquete
53%
Nenhum quiz correspondente encontrado
Distribuição das Pontuações
Porcentagem de Pessoas com Cada Pontuação
Percentil de Números Respondidos
Sua Pontuação Histórica
Você não jogou esse quiz